00710 2200229 4500001002100000005001500021035002000036007000300056008004100059020001000100082001100110084001700121100001800138245005800156260004400214300002900258500010600287650003800393700002300431856001700454990000900471INLIS00000000000010020220127120910 a0010-0122000100ta220127 g 0 ind  a34036 a006.66 a006.66 IWA t0 aIwan Nisaburi1 aTeknik desain ilustrasi dan karakter dengan photoshop aJakarta :bElex Media Komputindo,c2014 a294 hlm :bfoto ;c21 cm abuku ini membahas teknik-teknik pembuatan ilustrasi desain dan karakter desain menggunakan photoshop. 4aPemrograman untuk Komputer Grafis0 aSaiful Hadi Arofat aKoleksi Umum a4763